| 000 | 00786akm a2200301a 44500 | ||
|---|---|---|---|
| 008 | 030401s2003 cat | ||
| 017 | _aB-15318-2003 | ||
| 041 | _acat | ||
| 041 | _beng | ||
| 041 | _bspa | ||
| 080 | _a621.93:681.3(038) | ||
| 110 |
_aTERMCAT _960609 |
||
| 245 |
_aInternet _h[tríptic] _cTERMCAT, Centre de Terminologia |
||
| 260 |
_a[Barcelona] _bTERMCAT, Centre de Terminologia _c2003 |
||
| 500 | _aCategoria gramatical, sinònims, notes | ||
| 500 | _btermcat | ||
| 520 | _a46 | ||
| 591 | _a8047 | ||
| 592 | _aObra terminològica | ||
| 593 | _aGEI | ||
| 594 | _a8047 | ||
| 650 |
_aInternet _962521 |
||
| 901 | _cDL <2003> | ||
| 902 | _a030401 | ||
| 942 |
_cMO _n0 _2ddc |
||
| 999 |
_c62163 _d62163 |
||